000 00572nam a2200193Ia 4500
001 8670
003 GE_BSU
008 181216s||||||||xx |||||||||||||| ||und||
040 _cGE_BSU
245 _aХимия и жизнь-XXI век.№12.2013.
245 _bЕжемесячный научно-популярный журнал
245 _cгл.ред.Л.Н.Стрельникова.
260 _aМосква
260 _bХимия и жизнь
260 _c2013
300 _a64стр.28см.
653 _aХимия и жизнь-XXI век
942 _cCR
999 _c41985
_d41985